Selecta / (Record no. 5746)

MARC details
000 -LEADER
campo de control de longitud fija 01397nam a2200325 i 4500
001 - NÚMERO DE CONTROL
campo de control 5746
003 - IDENTIFICADOR DE NÚMERO DE CONTROL
campo de control ES-MaACL
005 - FECHA Y HORA DE LA ÚLTIMA TRANSACCIÓN
campo de control 20251001145425.0
007 - CAMPO FIJO DE DESCRIPCIÓN FÍSICA--INFORMACIÓN GENERAL
campo de control de longitud fija t|
008 - DATOS DE LONGITUD FIJA--INFORMACIÓN GENERAL
campo de control de longitud fija 890518s1988 sp |||| |dspa d
020 ## - NÚMERO INTERNACIONAL ESTÁNDAR DEL LIBRO
Número Internacional Estándar del Libro 84-86884-59-4
080 ## - NÚMERO DE LA CLASIFICACIÓN DECIMAL UNIVERSAL
Número de la Clasificación Decimal Universal 51:929 Rey Pastor
100 1# - ENTRADA PRINCIPAL--NOMBRE DE PERSONA
Nombre de persona Rey Pastor, Julio,
Fechas asociadas al nombre 1888-1962
9 (RLIN) 96535
245 10 - MENCIÓN DEL TÍTULO
Título Selecta /
Mención de responsabilidad, etc. Julio Rey Pastor ; prólogo, Ángel Martín-Municio ; comentarios, Sixto Ríos, Luis Antonio Santaló, Ernesto García Camarero ; edición preparada por la Real Academia de Ciencias Exactas, Físicas y Naturales.
260 ## - PUBLICACIÓN, DISTRIBUCIÓN, ETC.
Lugar de publicación, distribución, etc. Madrid :
Nombre del editor, distribuidor, etc. Fundación Banco Exterior,
Fecha de publicación, distribución, etc. 1988.
300 ## - DESCRIPCIÓN FÍSICA
Extensión 724 p. ;
Dimensiones 23 cm.
546 ## - NOTA DE IDIOMA
Nota de lengua/lenguaje Textos en español, catalán, italiano, alemán y francés.
594 ## - Nota al título y mención de responsabilidad
Nota al título y mención de responsabilidad Reproducción facs. de selección de trabajos de revistas españolas y extranjeras.
597 ## - NOTA DE DESCRIPCIÓN FÍSICA
NOTA DE DESCRIPCIÓN FÍSICA Pag. original propia en cada artículo.
600 14 - PUNTO DE ACCESO ADICIONAL DE MATERIA--NOMBRE DE PERSONA
Nombre de persona Rey Pastor, Julio,
Fechas asociadas al nombre 1888-1962-
Subdivisión de forma Homenajes
9 (RLIN) 96536
650 17 - PUNTO DE ACCESO ADICIONAL DE MATERIA--TÉRMINO DE MATERIA
Término de materia o nombre geográfico como elemento de entrada Matemáticas
Fuente del encabezamiento o término embne
9 (RLIN) 14814
700 1# - ENTRADA AGREGADA--NOMBRE PERSONAL
Nombre de persona Martín Municio, Angel.
9 (RLIN) 77582
700 1# - ENTRADA AGREGADA--NOMBRE PERSONAL
Nombre de persona Ríos, Sixto,
Fechas asociadas al nombre 1913-2008
9 (RLIN) 97375
700 1# - ENTRADA AGREGADA--NOMBRE PERSONAL
Nombre de persona Santaló, Luis A.
9 (RLIN) 103268
700 1# - ENTRADA AGREGADA--NOMBRE PERSONAL
Nombre de persona García Camarero, Ernesto,
Fechas asociadas al nombre 1932-2022
9 (RLIN) 54320
710 2# - ENTRADA AGREGADA--NOMBRE DE ENTIDAD CORPORATIVA
Nombre de entidad corporativa o nombre de jurisdicción como elemento de entrada Real Academia de Ciencias Exactas, Físicas y Naturales de España.
9 (RLIN) 175635
710 1# - ENTRADA AGREGADA--NOMBRE DE ENTIDAD CORPORATIVA
Nombre de entidad corporativa o nombre de jurisdicción como elemento de entrada Fundación Banco Exterior.
9 (RLIN) 4226
852 ## - LOCALIZACIÓN
Ubicación ES-MaACL
Número de control de estantería L-12712
Holdings
Estatus retirado Estado de pérdida Estado de daño No para préstamo Biblioteca de origen Biblioteca actual Ubicación en estantería Fecha de adquisición Fuente de adquisición Total de préstamos Signatura topográfica completa Código de barras Visto por última vez Precio de reemplazo Tipo de ítem Koha
        Biblioteca del Ateneo de Madrid Biblioteca del Ateneo de Madrid Depósito 2 17/01/2008     L-12712 1005832 23/02/2023 23/02/2023 Libro impreso